| 000 | 00503nam a2200169 a 4500 | ||
|---|---|---|---|
| 005 | 20210223124850.0 | ||
| 008 | 030311s2000 mx r 000 0 spa d | ||
| 020 | _a9701331222 | ||
| 035 | _aUPN01000122776 | ||
| 049 | _aC | ||
| 050 | 4 |
_aHG8776 _bD5.3 |
|
| 245 | 0 | 0 | _aDiccionario actuarial de norteamérica. |
| 260 |
_aAguascalientes : _bINEGI : _bColegio Nacional de Actuarios, _cc2000. |
||
| 650 | 4 |
_aCIENCIA ACTUARIAL - _vDICCIONARIOS _9352 |
|
| 650 | 4 |
_aSEGUROS - _xMATEMATICAS _926707 |
|
| 905 | _aLibro | ||
| 999 |
_c94959 _d94959 |
||